000 00259nam a22001217a 4500
008 170616b xxu||||| |||| 00| 0 eng d
041 _aeng
080 _a32
100 _a20
101 _aSHP
245 _aTHE MORAL JUDGEMENT
_cTAYLOR, P.W
942 _2udc
_cBK
999 _c17719
_d17719